Loading...
| Science - Other | 0 | 3 | 0 | 0 | 30 | 88 | 99.33 | 0 | 2 | 0.00 | 0.00 |
| Religion | 0 | 2 | 0 | 1 | 20 | 104 | 104.50 | 0 | 1 | 0.00 | 0.00 |
| Science - Physics | 0 | 2 | 1 | 0 | 15 | 116 | 116.50 | 0 | 0 | 0.00 | 0.00 |
| History - World | 0 | 1 | 0 | 1 | 10 | 140 | 140.00 | 0 | 1 | 0.00 | 0.00 |
| Literature - British | 0 | 1 | 0 | 0 | 10 | 139 | 139.00 | 0 | 0 | 0.00 | 0.00 |
| History - American | 0 | 1 | 0 | 0 | 10 | 125 | 125.00 | 0 | 0 | 0.00 | 0.00 |
| History - Other | 0 | 1 | 0 | 0 | 10 | 103 | 103.00 | 0 | 0 | 0.00 | 0.00 |
| Science - Chemistry | 0 | 1 | 0 | 1 | 10 | 116 | 116.00 | 0 | 1 | 0.00 | 0.00 |
| History - European | 0 | 1 | 1 | 0 | 5 | 73 | 73.00 | 0 | 0 | 0.00 | 0.00 |
| Fine Arts - Other | 0 | 1 | 1 | 1 | 5 | 135 | 135.00 | 0 | 0 | 0.00 | 0.00 |
| Science - Biology | 0 | 0 | 0 | 0 | 0 | 0.00 | 0 | 0 | 0.00 | 0.00 | |
| Geography | 0 | 0 | 1 | 0 | -5 | 0.00 | 0 | 0 | 0.00 | 0.00 |